书目信息 |
| 题名: |
印度现代史
|
|
| 作者: | 巴拉布舍维奇 , 季雅科夫 主编 ;北京编译社 译 | |
| 分册: | 上册 | |
| 出版信息: | 上海 三联书店 1972.01 |
|
| 页数: | 677页 | |
| 开本: | 32开 | |
| 丛书名: | ||
| 单 册: | ||
| 中图分类: | K351.43 | |
| 科图分类: | ||
| 主题词: | 南亚--历史 | |
| 电子资源: | ||
| ISBN: | ||
| 000 | 00721nam0 2200241 45 | |
| 001 | 0212050852 | |
| 005 | 20031219104101.7 | |
| 010 | @dCNY3.30 | |
| 091 | @a11002.428 | |
| 100 | @a20021205d1972 km y0chiy0120 ea | |
| 101 | 0 | @achi |
| 105 | @a z 000yy | |
| 200 | 1 | @a印度现代史@AYin Du Xian Dai Shi@h上册@f(苏)巴拉布舍维奇,季雅科夫主编@F(Su)Ba La Bu She Wei Qi,Ji Ya Ke Fu Zhu Bian@g北京编译社译 |
| 210 | @a上海@c三联书店@d1972.01 | |
| 215 | @a677页@d32开 | |
| 300 | @a内部读物 | |
| 606 | 0 | @a南亚@x历史 |
| 690 | @aK351.43@v3 | |
| 701 | 0 | @a巴拉布舍维奇@4主编 |
| 701 | 0 | @a季雅科夫@4主编 |
| 712 | 02 | @a北京编译社@ABei Jing Bian Yi She@4译 |
| 801 | @aCN@bTSTC@c20021205 | |
| 905 | @f2@b219166-167@dK351.43@e7:1 | |
| 印度现代史.上册/(苏)巴拉布舍维奇,季雅科夫主编/北京编译社译.-上海:三联书店,1972.01 |
| 677页;32开 |
| 内部读物 |
| ISBN :CNY3.30 |
| ● |
| 相关链接 |
|
|
|
|
正题名:印度现代史
索取号:K351.43/7:1
 
预约/预借
| 序号 | 登录号 | 条形码 | 馆藏地/架位号 | 状态 | 备注 |
| 1 | 0219166 | 001732012 | 密集书库/ [索取号:K351.43/7:1] | 在馆 | |
| 2 | 0219167 | 001731978 | 密集书库/ [索取号:K351.43/7:1] | 在馆 |